| 000 | 01157nam a2200277Ia 4500 | ||
|---|---|---|---|
| 001 | ebr10085711 | ||
| 003 | CaPaEBR | ||
| 006 | m u | ||
| 007 | cr cn||||||||| | ||
| 008 | 000815s2005 enk s 000 0 eng d | ||
| 020 | _z184544082X | ||
| 040 |
_aCaPaEBR _cCaPaEBR |
||
| 035 | _a(OCoLC)133160602 | ||
| 050 | 1 | 4 |
_aHF5549.5.T7 _bE97 2005eb |
| 245 | 0 | 0 |
_aExploring the dynamics of the new generation of corporate universities and enterprise academies _h[electronic resource] / _cguest editor: Richard Dealtry. |
| 260 |
_aBradford, England : _bEmerald Group Publishing, _cc2005. |
||
| 300 | _a139 p. | ||
| 490 | 0 |
_aJournal of workplace learning ; _vv.17, no. 1/2 |
|
| 533 |
_aElectronic reproduction. _bPalo Alto, Calif. : _cebrary, _d2011. _nAvailable via World Wide Web. _nAccess may be limited to ebrary affiliated libraries. |
||
| 650 | 0 |
_aEmployees _xTraining of. |
|
| 650 | 0 | _aOccupational training. | |
| 655 | 7 |
_aElectronic books. _2local |
|
| 700 | 1 | _aDealtry, T. Richard. | |
| 710 | 2 | _aebrary, Inc. | |
| 856 | 4 | 0 |
_uhttp://site.ebrary.com/lib/rucke/Doc?id=10085711 _zAn electronic book accessible through the World Wide Web; click to view |
| 999 |
_c49825 _d49825 |
||